A guide to food selection, preparation and preservation / (Record no. 54)

MARC details
000 -LEADER
fixed length control field 00687nam a22002177a 4500
005 - DATE AND TIME OF LATEST TRANSACTION
control field 20221018021312.0
008 - FIXED-LENGTH DATA ELEMENTS--GENERAL INFORMATION
fixed length control field 221018b |||||||| |||| 00| 0 eng d
020 ## - INTERNATIONAL STANDARD BOOK NUMBER
International Standard Book Number 978-971-23-5645-2
082 ## - DEWEY DECIMAL CLASSIFICATION NUMBER
Classification number Fil. 641.4 So714 2010
100 ## - MAIN ENTRY--PERSONAL NAME
Personal name Soriano, Nora N.
Relator term author
245 ## - TITLE STATEMENT
Title A guide to food selection, preparation and preservation /
Statement of responsibility, etc. Nora Narvaez-Soriano; Maria Nora Soriano, illustrator
250 ## - EDITION STATEMENT
Edition statement 2nd ed.
260 ## - PUBLICATION, DISTRIBUTION, ETC.
Place of publication, distribution, etc. Manila:
Name of publisher, distributor, etc. Rex Book Store,
Date of publication, distribution, etc. c2010.
300 ## - PHYSICAL DESCRIPTION
Extent viii, 197p.:
Other physical details ill.
500 ## - GENERAL NOTE
General note Includes index
541 ## - IMMEDIATE SOURCE OF ACQUISITION NOTE
Accession number 4130 c.1, 4131 c.2
650 ## - SUBJECT ADDED ENTRY--TOPICAL TERM
Topical term or geographic name entry element Food - Preservation
650 ## - SUBJECT ADDED ENTRY--TOPICAL TERM
Topical term or geographic name entry element Cooking
650 ## - SUBJECT ADDED ENTRY--TOPICAL TERM
Topical term or geographic name entry element Food selection
700 ## - ADDED ENTRY--PERSONAL NAME
Personal name Soriano, Maria Nora
Relator term illustrator
Holdings
Withdrawn status Lost status Source of classification or shelving scheme Damaged status Not for loan Home library Current library Date acquired Total Checkouts Full call number Barcode Date last seen Copy number Price effective from Koha item type Date last checked out
    Dewey Decimal Classification     ctu-moalboal ctu-moalboal 06/18/2015   Fil. 641.4 So714 2010 4130 10/18/2022 1 10/18/2022 Books-Filipiniana  
    Dewey Decimal Classification     ctu-moalboal ctu-moalboal 06/18/2015 1 Fil. 641.4 So714 2010 4131 05/06/2024 2 10/18/2022 Books-Filipiniana 05/06/2024